Расчеты элементов авиационных конструкций. Трехслойные пластины и оболочки: [сборник]

Bibliografiske detaljer
Andre forfattere: Александров А. Я. (редактор), Лампер Р. Е., Сувернев В. Г.
Sprog:russisk
Udgivet: Москва, Машиностроение, 1985
Fag:
Format: MixedMaterials Bog
KOHA link:https://koha.lib.tpu.ru/cgi-bin/koha/opac-detail.pl?biblionumber=376425

MARC

LEADER 00000nam0a2200000 4500
001 376425
005 20231102012822.0
035 |a (RuTPU)RU\TPU\retro\33865 
035 |a RU\TPU\book\251870 
090 |a 376425 
100 |a 20221222d1985 k y0rusy50 ca 
101 0 |a rus 
102 |a RU 
105 |a a z 001zy 
200 1 |a Расчеты элементов авиационных конструкций. Трехслойные пластины и оболочки  |e [сборник]  |f под ред. А. Я. Александрова [и др.] 
210 |a Москва  |c Машиностроение  |d 1985 
215 |a 208 с.  |c ил. 
320 |a Библиогр. в конце ст. 
606 1 |a Авиационные конструкции  |x Долговечность  |2 stltpush  |3 (RuTPU)RU\TPU\subj\404  |9 29343 
610 1 |a цилиндрические оболочки 
610 1 |a устойчивость 
610 1 |a сжатие 
610 1 |a кручение 
610 1 |a расчет 
610 1 |a инженерные расчеты 
675 |a 629.73.02  |v 3 
702 1 |a Александров  |b А. Я.  |4 340 
702 1 |a Лампер  |b Р. Е.  |4 340 
702 1 |a Сувернев  |b В. Г.  |4 340 
801 1 |a RU  |b 63413507  |c 20130125 
801 2 |a RU  |b 63413507  |c 20221222  |g RCR 
942 |c BK